000 00368nam a2200169Ia 4500
008 221030s9999 xx 000 0 und d
020 _a8120309685
041 _aEnglish
082 _a105.23
_bKuo
100 _aB. C. Kuo
245 0 _aAutomatic Control Systems
250 _a7th
260 _bPHI
_aNew Delhi
_c1995
300 _a897
650 _aEE
942 _cBK
999 _c1395
_d1395